| 000 | 00826nam a22002417a 4500 | ||
|---|---|---|---|
| 003 | OSt | ||
| 005 | 20181018122614.0 | ||
| 008 | 181018b xxu||||| |||| 00| 0 ara d | ||
| 040 | _aLB-BrCRDP | ||
| 082 | _a512.922 A537i | ||
| 100 | _aعادل انبوبا | ||
| 245 | _a"كتاب الجبر: درس لكتاب الخوارزمي في "الجبر والمقاومة | ||
| 260 |
_aبيروت _bالجامعة اللبنانية _c1955 |
||
| 300 |
_aص28 _cسم25 |
||
| 490 | _a منشورات الجامعة اللبنانية-قسم الدراسات الرياضية 1 | ||
| 630 | _a Mathematics, Arab. | ||
| 630 | _aKhuwārizmī, Muḥammad ibn Mūsá, | ||
| 630 | _a active 813-846. | ||
| 630 | _aJabr wa-al-muqābalah. | ||
| 630 | _aالخوارزمي | ||
| 630 | _aمحمد ابن موسى | ||
| 942 |
_2ddc _cBK |
||
| 999 |
_c21939 _d21939 |
||